कैसे सीखें युवतियां निर्भय जीना / (Record no. 118292)

MARC details
000 -LEADER
fixed length control field 01252nam a22002777a 4500
003 - CONTROL NUMBER IDENTIFIER
control field dpl
005 - DATE AND TIME OF LATEST TRANSACTION
control field 20181204132006.0
008 - FIXED-LENGTH DATA ELEMENTS--GENERAL INFORMATION
fixed length control field 181204b ||||| |||| 00| 0 eng d
010 ## - LIBRARY OF CONGRESS CONTROL NUMBER
LC control number B-172440
020 ## - INTERNATIONAL STANDARD BOOK NUMBER
Terms of availability 200.00
International Standard Book Number 819015673
035 ## - SYSTEM CONTROL NUMBER
System control number B-172440
037 ## - SOURCE OF ACQUISITION
Source of stock number/acquisition Cen Lib/Ret
040 ## - CATALOGING SOURCE
Original cataloging agency DPL
Language of cataloging HN
Transcribing agency 0
082 ## - DEWEY DECIMAL CLASSIFICATION NUMBER
Classification number 305.4
Item number भाटिया
100 ## - MAIN ENTRY--PERSONAL NAME
Personal name सुदर्शन, भाटिया
9 (RLIN) 79298
245 ## - TITLE STATEMENT
Title कैसे सीखें युवतियां निर्भय जीना /
Statement of responsibility, etc भाटिया सुदर्शन
246 ## - VARYING FORM OF TITLE
Title proper/short title Kaise sikhen yuvtiyan nirbhay jeena
Remainder of title by Sudarshan bhatiya
260 ## - PUBLICATION, DISTRIBUTION, ETC. (IMPRINT)
Place of publication, distribution, etc दिल्ली
Name of publisher, distributor, etc स्टार ट्रेक पब्लिशेर्स
Date of publication, distribution, etc 2004
270 ## - ADDRESS
Address 511/1-ई , गली न. 2 विश्वास नगर औधौगिक क्षेत्र
City दिल्ली
Postal code 110032
300 ## - PHYSICAL DESCRIPTION
Extent 152पृष्ठ. :
Dimensions 20सेमी(सजिल्द)
Other physical details चित्र.
650 ## - SUBJECT ADDED ENTRY--TOPICAL TERM
Topical term or geographic name as entry element सामाजिक परेशानियाँ
9 (RLIN) 79299
650 ## - SUBJECT ADDED ENTRY--TOPICAL TERM
Topical term or geographic name as entry element नारी विकास
9 (RLIN) 34
650 ## - SUBJECT ADDED ENTRY--TOPICAL TERM
Topical term or geographic name as entry element Social problems
9 (RLIN) 79300
650 ## - SUBJECT ADDED ENTRY--TOPICAL TERM
Topical term or geographic name as entry element Woman Development
9 (RLIN) 79301
942 ## - ADDED ENTRY ELEMENTS (KOHA)
Source of classification or shelving scheme Dewey Decimal Classification
Koha item type Hindi Books
Classification part 305
Call number suffix भाटिया
Holdings
Withdrawn status Lost status Damaged status Not for loan Home library Current library Date acquired Source of acquisition Cost, normal purchase price Total Checkouts Full call number Barcode Date last seen Copy number Cost, replacement price Price effective from Koha item type Source of classification or shelving scheme
        Central Library Central Library 10/09/2015 Cen Lib/Ret 200.00   305.4 भाटिया B-172440 10/09/2015 1 200.00 10/09/2015 Hindi Books  
        Patel Nagar Patel Nagar 04/12/2018 BPPD/Pub 200.00   305 भाटिया B-172445 04/12/2018   200.00 04/12/2018 Hindi Books Dewey Decimal Classification

© Delhi Public Library
Hit Counter
free hit counter